| 000 | 00509nam a2200181Ia 4500 | ||
|---|---|---|---|
| 999 |
_c14224 _d14224 |
||
| 003 | OSt | ||
| 005 | 20201020132131.0 | ||
| 008 | 190216s9999||||xx |||||||||||||| ||und|| | ||
| 020 | _a9780007142415 | ||
| 040 | _coclc | ||
| 082 |
_a895.1352 _bXIN/O |
||
| 100 |
_aXingjian, Gao _95322 |
||
| 245 | 0 |
_aOne Man's Bible / _cGao Xingjian |
|
| 260 |
_bFlamingo , _c2002. _aLondon: |
||
| 300 | _a450p | ||
| 650 | _aEnglish-Fiction English | ||
| 942 |
_cBK _2ddc _h895.1352 _iXIN/O _k895.1352 _mXIN/O |
||